| 000 | 01412nam0a22002651 4500 | ||
|---|---|---|---|
| 001 | v19\rc\1994807 | ||
| 005 | 20250619230154.0 | ||
| 035 | _a(NLR Aleph) 005071162 | ||
| 090 |
_a7097143 _c7097143 |
||
| 100 | _a20080811d1914 |||y0rusy50 ca | ||
| 101 | 0 | _arus | |
| 102 | _aRU | ||
| 105 | _ay z ||||| | ||
| 200 | 1 | _aХрабрейший герой Великой Отечественной войны, первый георгиевский кавалер, славный казак Тихого Дона Кузьму Крючков и 12-ти летний мальчик герой георгиевский кавалер Андрюша Мироненко | |
| 210 |
_aМосква _cтип. П.В. Бельцова _d1914 |
||
| 215 |
_a16 с. _d23 |
||
| 300 | _aЗагл. обл.: Герои Великой Отечественной войны. Удалое казацкое дело и лихие казацкие разведки | ||
| 512 | 0 |
_aГерои Великой Отечественной войны _eУдалое казацкое дело и лихие казацкие разведки |
|
| 702 | 1 |
_4570 _7ca _8rus _aКрючков _bК. Ф. _f1890-1919 _gКозьма Фирсович _9221176 _3RU\NLR\AUTH\770221232 |
|
| 702 | 1 |
_aМироненко _bА. _gАндрей _4570 |
|
| 801 | 0 |
_aRU _bNLR _gpsbo |
|
| 801 | 1 |
_aRU _bProSoft-M _2rusmarc |
|
| 852 |
_aNLR _j37.63.3.291 |
||
| 942 | _cBOOK | ||
| 980 | _aNB | ||